KOHA-Header-6

Principles of Marketing (Record no. 538)

000 -LEADER
fixed length control field 00295nam a2200121Ia 4500
008 - FIXED-LENGTH DATA ELEMENTS--GENERAL INFORMATION
fixed length control field 190722s9999 xx 000 0 und d
020 ## - INTERNATIONAL STANDARD BOOK NUMBER
International Standard Book Number 978-93-325-5847-2
100 ## - MAIN ENTRY--PERSONAL NAME
Personal name Philip Kotler Gary
245 #0 - TITLE STATEMENT
Title Principles of Marketing
260 ## - PUBLICATION, DISTRIBUTION, ETC. (IMPRINT)
Place of publication, distribution, etc India
Name of publisher, distributor, etc Pearson ED
Date of publication, distribution, etc 2016
300 ## - PHYSICAL DESCRIPTION
Extent 732
942 ## - ADDED ENTRY ELEMENTS (KOHA)
Koha item type Books
Holdings
Withdrawn status Lost status Source of classification or shelving scheme Damaged status Not for loan Permanent Location Current Location Shelving location Date acquired Full call number Barcode Date last seen Price effective from Koha item type
          MAJU MAJU Shelf No.A-4 2019-07-22 658.8 7164 2019-07-22 2019-07-22 Books

Powered by Koha